000 00284nam a2200109Ia 4500
003 GCL
008 140319s9999 xx 000 0 eng d
040 _aGCL /
_cGCL
082 0 4 _a338.4791
_bH H
245 1 0 _aHETEL CATERING AND TOUNISM MANAGEMENT
260 _a[S.N] :
_bA AND C BLACK LIMITED
999 _c17015
_d17015